[Event "26th Universiade Women"]
[Site "Shenzhen CHN"]
[Date "2011.08.15"]
[Round "2.12"]
[White "Tay Li Jin Jeslin"]
[Black "Tuvshintugs,B"]
[Result "0-1"]
[WhiteElo "2085"]
[BlackElo "2313"]

1.d4 d5 2.c4 dxc4 3.e4 e5 4.Nf3 exd4 5.Qxd4 Qxd4 6.Nxd4 Bc5 7.Be3 Nf6 8.Nc3 Ng4
9.Nd5 Nxe3 10.fxe3 Na6 11.Bxc4 c6 12.Bxa6 cxd5 13.Bb5+ Ke7 14.Rc1 Bxd4 15.exd4 a6
16.Be2 dxe4 17.Rc7+ Bd7 18.Bg4 Rhd8 19.O-O f6 20.Re1 Kd6 21.Rxd7+ Rxd7 22.Bxd7 Kxd7
23.Rxe4 Rc8 24.Re2 Kd6 25.Kf2 Rc7 26.Kf3 Kd5 27.Rd2 Re7 28.h3 h5 29.Rd3 g5
30.Rd2 Re4 31.Rc2 Rxd4 32.Rc7 Rb4 33.b3 Kd6 34.Rc8 h4 35.Rf8 Ke5 36.Re8+ Kf5
37.Rd8 b6 38.Rb8 a5 39.Re8 a4 40.Re3 axb3 41.axb3 Rf4+ 42.Ke2 Re4 43.Kf3 Rxe3+
44.Kxe3 Ke5 45.Kf3 f5 46.Ke3 b5 47.b4 Kd5 48.Kd3 g4 49.Ke3 Ke5 50.Kd3 gxh3
51.gxh3 f4 52.Ke2 Ke4 53.Kf2 f3 54.Kf1 Kd3 55.Kf2 Kc4 56.Kxf3 Kxb4 57.Kg4 Kc4
58.Kxh4 b4 59.Kg5 b3 60.h4 b2 61.h5 b1=Q 62.Kh6 Kd5  0-1

[Event "10th Lichtenberger Sommer"]
[Site "Berlin GER"]
[Date "2011.08.16"]
[Round "4.7"]
[White "Dimitrijeski,K"]
[Black "Bruchmann,S"]
[Result "0-1"]
[WhiteElo "2198"]
[BlackElo "2304"]

1.d4 d5 2.c4 dxc4 3.e4 e5 4.Nf3 exd4 5.Qxd4 Qxd4 6.Nxd4 Nf6 7.Nc3 Bc5 8.Ndb5 Na6
9.Bf4 c6 10.Nd6+ Bxd6 11.Bxd6 Be6 12.Be2 O-O-O 13.O-O-O Ne8 14.Bg3 Nec7 15.f3 Nc5
16.Bf2 N7a6 17.Rxd8+ Rxd8 18.Rd1 Rxd1+ 19.Kxd1 b5 20.a3 Kb7 21.f4 f6 22.g4 Nd7
23.h4 Nac5 24.g5 a5 25.gxf6 gxf6 26.f5 Bg8 27.Bxc5 Nxc5 28.Kc1 b4 29.axb4 axb4
30.Na2 Nb3+ 31.Kd1 c5 32.Nc1 Nd4 33.Kd2 Kc7 34.Ke3 Kd6 35.Bf1 Ke5 36.Ne2 Nxe2
37.Bxe2 Bf7 38.Bf1 b3  0-1

[Event "27th Faaker See Open"]
[Site "Latschach AUT"]
[Date "2011.08.16"]
[Round "5"]
[White "Malakhatko,V"]
[Black "Van Ginkel,P"]
[Result "1-0"]
[WhiteElo "2548"]
[BlackElo "2217"]

1.d4 d5 2.c4 dxc4 3.e4 e5 4.Nf3 exd4 5.Bxc4 Nc6 6.O-O Be6 7.Bb5 Bc5 8.b4 Bb6
9.a4 a5 10.bxa5 Rxa5 11.Ng5 Qd7 12.Nd2 Nge7 13.Nxe6 Qxe6 14.Nc4 O-O 15.Nxa5 Nxa5
16.Ba3 c5 17.Rb1 Qa2 18.Qc1 Rd8 19.Bxc5 Bxc5 20.Qxc5 Nec6 21.Bxc6 Nxc6 22.Rxb7 Qxa4
23.Rc7  1-0

[Event "Recklinghaeuser Open"]
[Site "Recklinghausen GER"]
[Date "2011.08.16"]
[Round "2"]
[White "Fischoeder,H"]
[Black "Trzaska,P"]
[Result "0-1"]
[WhiteElo "1989"]
[BlackElo "2121"]

1.d4 d5 2.c4 dxc4 3.e4 e5 4.Nf3 exd4 5.Qxd4 Nc6 6.Qxd8+ Nxd8 7.Bxc4 Be6 8.Bd3 Nc6
9.Bb5 Bd7 10.Nc3 Bb4 11.O-O Bxc3 12.bxc3 Nge7 13.Ba3 Ne5 14.Nd4 N7c6 15.Rab1 O-O-O
16.Rfd1 Rhe8 17.f3 Na5 18.Bxd7+ Rxd7 19.Nb3 Nac4 20.Rxd7 Nxd7 21.Bc1 Ndb6
22.Bf4 Na4 23.Kf1 c5 24.Rc1 b6 25.Ke2 f5 26.Nd2 Nxd2 27.Bxd2 fxe4 28.fxe4 Rxe4+
29.Kd3 Rg4 30.g3 Nb2+ 31.Kc2 Nc4 32.Bf4 Rg6 33.a4 Re6 34.Rd1 Re4 35.Ra1 Na5
36.Kd3 Re7 37.Rb1 Kb7 38.Bd2 c4+ 39.Kc2 Re2  0-1

[Event "ch-FRA National B"]
[Site "Caen FRA"]
[Date "2011.08.22"]
[Round "7"]
[White "Lagarde,Max"]
[Black "Prie,E"]
[Result "1/2-1/2"]
[WhiteElo "2433"]
[BlackElo "2490"]

1.d4 d5 2.c4 dxc4 3.e4 Nf6 4.Nc3 e5 5.Nf3 exd4 6.Qxd4 Qxd4 7.Nxd4 Bc5 8.Ndb5 Na6
9.Bf4 Be6 10.Bxc7 O-O 11.f3 Nb4 12.O-O-O a6 13.Nd4 Nd3+ 14.Bxd3 Bxd4 15.Bc2 Be3+
16.Kb1 Rfc8 17.Rhe1 Rxc7 18.Rxe3 b5 19.e5 Nd7 20.f4 g6 21.Ne4 Kg7 22.Rd6 Nc5
23.Nf6 b4 24.b3 Rac8 25.bxc4 Bxc4 26.Rh3 h5 27.g4 Ne6 28.Ba4 Bb5 29.Bxb5 axb5
30.gxh5 Rc1+ 31.Kb2 R1c2+ 32.Kb3 R2c3+ 33.Rxc3 bxc3 34.Kc2 Nxf4 35.a3 gxh5
36.Rd4 Ne6 37.Rd3 Rc5 38.Rg3+ Kh6 39.Ng8+  1/2-1/2

[Event "BDO Challengers"]
[Site "Haarlem NED"]
[Date "2011.08.24"]
[Round "5.5"]
[White "Peelen,P"]
[Black "Slingerland,F"]
[Result "1/2-1/2"]
[WhiteElo "2354"]
[BlackElo "2390"]

1.d4 d5 2.c4 dxc4 3.e4 e5 4.Nf3 exd4 5.Bxc4 Nc6 6.O-O Be6 7.Bxe6 fxe6 8.Qb3 Qd7
9.Qxb7 Rb8 10.Qa6 Nf6 11.Nbd2 Bd6 12.b3 O-O 13.Bb2 e5 14.Rfc1 Rb6 15.Qe2 Kh8
16.Ne1 a5 17.Nc4 Rbb8 18.Nd3 Rfe8 19.f3 Ra8 20.a3 Nd8 21.Qc2 Nb7 22.f4 Nxe4
23.Ndxe5 Bxe5 24.Nxe5 Qd5 25.Qc6 Qxc6 26.Rxc6 Nbc5 27.Bxd4 Nxb3 28.Rd1 Rad8
29.Nf7+ Kg8 30.Nxd8 Rxd8 31.Rxc7 Nxd4 32.Kf1 Rd6 33.a4 Kf8 34.Rc4 Ne6 35.Rxd6 Nxd6
36.Rc6 Ke7 37.g3 Nb7 38.f5 Nec5 39.g4 Nd7 40.Re6+ Kf7 41.Ra6 Ndc5 42.Rc6 Ke7
43.h4 Nd7 44.Re6+ Kd8 45.Ra6 Ndc5 46.Ra8+ Ke7 47.Rc8 Nd7 48.Rg8 Kf7 49.Ra8 Ndc5
50.Rc8 Nd7 51.Rc7 Nc5 52.Ra7 Kf6 53.Rxa5 h5 54.gxh5 Kxf5 55.Rb5 Kg4 56.a5 Kxh4
57.Ke2 Na6 58.Kd3 Nc7 59.Rb1 Kxh5 60.Kc4 Na6 61.Kb5 Ndb8 62.Rh1+ Kg5 63.Kb6 Kf5
64.Rf1+ Ke5 65.Rg1 Kf6 66.Rf1+ Ke5 67.Rg1 Kf6 68.Rf1+ Ke5 69.Rg1 Kf6  1/2-1/2

[Event "47th Rubinstein Mem GpA"]
[Site "Polanica Zdroj POL"]
[Date "2011.08.25"]
[Round "6"]
[White "Shishkin,Va UKR"]
[Black "Starostits,I"]
[Result "1-0"]
[WhiteElo "2457"]
[BlackElo "2500"]

1.d4 d5 2.c4 dxc4 3.e4 c5 4.d5 Nf6 5.Nc3 b5 6.Bf4 Qa5 7.Bd2 b4 8.e5 bxc3
9.Bxc3 Qa6 10.exf6 exf6 11.Qe2+ Be7 12.Qe4 Qb7 13.Bxc4 O-O 14.Nf3 Bd6 15.O-O Na6
16.Nh4 Nc7 17.Rfe1 Re8 18.Qf3 Rb8 19.a4 Bd7 20.Nf5 Be5 21.Bxe5 Rxe5 22.Rxe5 fxe5
23.Nd6 Qxb2 24.Qxf7+ Kh8 25.Rf1  1-0

[Event "23rd ch-Southern California"]
[Site "Beverly Hills USA"]
[Date "2011.08.27"]
[Round "6"]
[White "Gutman,J"]
[Black "Brown,Michael William"]
[Result "1-0"]
[WhiteElo "2107"]
[BlackElo "2121"]

1.d4 d5 2.c4 dxc4 3.e4 e5 4.Nf3 exd4 5.Qxd4 Qxd4 6.Nxd4 Bc5 7.Nb5 Na6 8.Bxc4 Nf6
9.N5c3 Nb4 10.Na3 O-O 11.Bf4 c6 12.f3 Re8 13.O-O-O Be6 14.Bd6 Nd7 15.Rhe1 b5
16.Bxe6 Rxe6 17.Bg3 Nf6 18.Nc2 a5 19.Nd4 Bxd4 20.Rxd4 c5 21.Rd2 c4 22.Nxb5 Nd3+
23.Kb1 Rb6 24.a4 Nxe1 25.Bxe1 Rc6 26.Rd4 g5 27.Nd6 Rd8 28.e5 Ne8 29.Bxa5 Ra8
30.Nf5 Rc5 31.Ne7+ Kg7 32.Bc3 Ra7 33.Nf5+ Kg6 34.g4 Rxe5 35.Rxc4 Re2 36.a5 f6
37.h3 Ng7 38.Rc6 Ne6 39.a6 h5 40.Nd4 Nxd4 41.Bxd4 Rf7 42.a7 Re8 43.Ra6 Ra8
44.b4 Rb7 45.Rxf6+ Kh7 46.Bc5 Kg7 47.Rf5 Kg6 48.Kb2  1-0

[Event "BDO Challengers"]
[Site "Haarlem NED"]
[Date "2011.08.28"]
[Round "9.5"]
[White "Brown,An"]
[Black "Slingerland,F"]
[Result "0-1"]
[WhiteElo "2202"]
[BlackElo "2390"]

1.d4 d5 2.c4 dxc4 3.e4 e5 4.Nf3 exd4 5.Bxc4 Nc6 6.O-O Be6 7.Bb5 Bc5 8.Nbd2 Ne7
9.Nb3 Qd6 10.Ng5 O-O-O 11.Nxe6 fxe6 12.Qg4 Ne5 13.Qh3 Bb6 14.f4 Nd7 15.Bd2 Kb8
16.Rac1 e5 17.Qg3 a6 18.Bxd7 Qxd7 19.Qxg7 exf4 20.Rxf4 Rdg8 21.Qh6 Rg6 22.Rf8+ Rxf8
23.Qxf8+ Ka7 24.Nc5 Qg4 25.Qf2 Nc6 26.h3 Qxh3 27.Bf4 Qg4 28.Nd3 h5 29.a4 a5
30.Rc4 Qe6 31.b3 Qxe4 32.Nc5 Bxc5 33.Rxc5 Rf6 34.g3 h4 35.Qd2 hxg3 36.Bxg3 Qf3
37.Rxa5+ Kb8 38.Qg5 Nxa5 39.Bxc7+ Kxc7 40.Qxa5+ Kd7  0-1

[Event "3rd Zenderood Open"]
[Site "Esfahan IRI"]
[Date "2011.09.02"]
[Round "1"]
[White "Chighladze,I"]
[Black "Naderzadeh,Pouya"]
[Result "1-0"]
[WhiteElo "2377"]
[BlackElo "1566"]

1.d4 d5 2.c4 dxc4 3.e4 Nf6 4.e5 Nd5 5.Bxc4 Nc6 6.Nf3 Nb6 7.Bb5 Bd7 8.Nc3 a6
9.Be2 e6 10.O-O Be7 11.a3 O-O 12.Qc2 Nd5 13.Bd3 h6 14.Qe2 Na5 15.Bxh6 Nxc3
16.bxc3 Bc6 17.Bc2 Re8 18.Qd3 g6 19.Nd2 Qd5 20.Qg3 Bf8 21.Ne4 Be7 22.Rae1 Bb5
23.Nf6+ Bxf6 24.Bxg6  1-0

[Event "TCh-POL Ekstraliga"]
[Site "Miedzybrodzie-Zywiec POL"]
[Date "2011.09.02"]
[Round "4.5"]
[White "Bulski,K"]
[Black "Drozdowski,K"]
[Result "1-0"]
[WhiteElo "2482"]
[BlackElo "2299"]

1.d4 d5 2.c4 dxc4 3.e4 Nf6 4.e5 Nd5 5.Bxc4 Nb6 6.Bd3 Nc6 7.Ne2 Bg4 8.f3 Bh5
9.Nbc3 e6 10.Be3 Bg6 11.Be4 Bxe4 12.fxe4 Qh4+ 13.Bf2 Qg5 14.O-O O-O-O 15.Qc1 Qxc1
16.Raxc1 Be7 17.Rcd1 Rhf8 18.b3 f6 19.exf6 Bxf6 20.Be3 Be7 21.g3 Rxf1+ 22.Kxf1 Bb4
23.Kg2 Rf8 24.Nb1 Bd6 25.Nd2 Nb4 26.Nc4 Nxc4 27.bxc4 c5 28.dxc5 Be5 29.Bf4 Bxf4
30.Nxf4 Re8 31.Rd6 Nxa2 32.Nxe6 Nb4 33.Kf3 g6 34.Ke3 Nc6 35.Nf4 Ne5 36.Kd4 Nc6+
37.Kd3 Ne5+ 38.Kc3 Nc6 39.Ne6 Re7 40.h4 Re8 41.Ng5 a5 42.Nxh7 Rxe4 43.Rxg6 a4
44.Rg8+ Kc7 45.Nf6 Re3+ 46.Kd2 Ra3 47.h5 Ra2+ 48.Kc3 Ra3+ 49.Kd2 Ra2+ 50.Ke3 a3
51.h6 Rh2 52.h7 a2 53.Ra8 Nb4 54.Nd5+ Nxd5+ 55.cxd5 Rxh7 56.Rxa2 Rh1 57.Rd2 Rg1
58.Kf4 Rc1 59.d6+ Kd7 60.Rd5 Rf1+ 61.Kg5 Rf8 62.Re5 Rg8+ 63.Kf4 Kc6 64.g4 b6
65.cxb6 Kxb6 66.g5 Kc6 67.Re6 Kd7 68.Rf6 Ra8 69.g6 Ra1 70.Kg5 Rh1 71.Rf4 Rh8
72.g7 Rg8 73.Kg6  1-0

[Event "VII Ugra Governor's Cup"]
[Site "Khanty-Mansiysk RUS"]
[Date "2011.09.03"]
[Round "4"]
[White "Akselrod,V"]
[Black "Shabalov,Andrei"]
[Result "1-0"]
[WhiteElo "2431"]
[BlackElo "2086"]

1.d4 d5 2.c4 dxc4 3.e4 c5 4.d5 e6 5.Bxc4 exd5 6.exd5 Bd6 7.Nc3 a6 8.a4 Qh4
9.Qe2+ Ne7 10.Nf3 Qg4 11.Ne4 Qd7 12.Bg5 f6 13.Bxf6 O-O 14.Nxd6 Rxf6 15.Ne4  1-0

[Event "Paignton Ron Bruce Premier"]
[Site "Paignton ENG"]
[Date "2011.09.05"]
[Round "2"]
[White "Arkell,K"]
[Black "Collier,D"]
[Result "1-0"]
[WhiteElo "2409"]
[BlackElo "2100"]

1.d4 d5 2.c4 dxc4 3.e4 c5 4.d5 e6 5.Nc3 Nf6 6.Bxc4 exd5 7.Nxd5 Nxd5 8.Bxd5 Be7
9.Ne2 O-O 10.O-O Qb6 11.Nc3 Nc6 12.Rb1 a6 13.Be3 Qc7 14.Rc1 Rb8 15.Bb3 Be6
16.Bxe6 fxe6 17.Qg4 Rf6 18.Ne2 Rbf8 19.Rfd1 Qe5 20.Ng3 Rg6 21.Qe2 Nd4 22.Qc4 b5
23.Bxd4 Qg5 24.Qe2 cxd4 25.e5 h5 26.Qxh5 Qxh5 27.Nxh5 Rg5 28.Ng3 Rxe5 29.Rxd4 Bc5
30.Rd2 Rd5 31.Re2 e5 32.Ne4 Bd4 33.g3 Rd7 34.Rc6 a5 35.b3 a4 36.bxa4 bxa4
37.Ra6 Ra7 38.Rxa7 Bxa7 39.Rc2 a3 40.Rc4 Ra8 41.Kg2 Bd4 42.Kf3 Rf8+ 43.Ke2 Rb8
44.Kd3 Kh7 45.Rc6 Bb2 46.h4 Rd8+ 47.Rd6 Rxd6+ 48.Nxd6 Bd4 49.f3 Kg6 50.g4 Kf6
51.Nc4 Bc5 52.Ke4  1-0

[Event "Paignton Ron Bruce Premier"]
[Site "Paignton ENG"]
[Date "2011.09.05"]
[Round "2"]
[White "Marsh,R"]
[Black "Hempson,P"]
[Result "1/2-1/2"]
[WhiteElo "2010"]
[BlackElo "2085"]

1.d4 d5 2.c4 dxc4 3.e4 e5 4.Nf3 exd4 5.Nxd4 Bc5 6.Be3 Nf6 7.Bxc4 O-O 8.Nc3 Ng4
9.O-O c6 10.Nf5 Nxe3 11.fxe3 Qg5 12.Nd6 Bh3 13.Qf3 Qxe3+ 14.Qxe3 Bxe3+ 15.Kh1 Be6
16.Bxe6 fxe6 17.Rxf8+ Kxf8 18.Rf1+ Kg8 19.Nxb7 Nd7 20.Rd1 Rf8 21.h3 Nf6 22.Nd8 Nh5
23.Nxe6 Ng3+ 24.Kh2 Nf1+ 25.Kh1 Ng3+ 26.Kh2 Nf1+ 27.Kh1 Rf2 28.e5 Ng3+ 29.Kh2 Nf1+  1/2-1/2

[Event "1st Barclays Open A"]
[Site "Rome ITA"]
[Date "2011.09.07"]
[Round "5.8"]
[White "Guramishvili,S"]
[Black "Gonda,L"]
[Result "1/2-1/2"]
[WhiteElo "2359"]
[BlackElo "2520"]

1.d4 d5 2.c4 dxc4 3.e4 Nf6 4.e5 Nd5 5.Bxc4 Nb6 6.Bd3 Nc6 7.Ne2 Bg4 8.f3 Be6
9.Nbc3 Bc4 10.Bxc4 Nxc4 11.Qb3 Nb6 12.Be3 e6 13.O-O Nb4 14.Nf4 Be7 15.a3 N4d5
16.Nfxd5 Nxd5 17.Nxd5 Qxd5 18.Qxd5 exd5 19.Rac1 Kd7 20.f4 f5 21.Rc2 a5 22.Rfc1 c6
23.a4 Ra6 24.Bd2 Rb6 25.Kf2 Rb3 26.Ra1 Ra8 27.Ke2 Ke6 28.Ra2 Ra6 29.Rc3 Rxc3
30.Bxc3 h6 31.Ra1 Ra8 32.Rg1 g6 33.Bd2 Ra6  1/2-1/2

[Event "TCh-POL 1st League"]
[Site "Mrzezyno POL"]
[Date "2011.09.11"]
[Round "9"]
[White "Vovk,Y"]
[Black "Mista,A"]
[Result "0-1"]
[WhiteElo "2577"]
[BlackElo "2561"]

1.d4 d5 2.c4 dxc4 3.e4 Nf6 4.e5 Nd5 5.Bxc4 Nb6 6.Bd3 Nc6 7.Ne2 Bg4 8.f3 Bh5
9.Nbc3 e6 10.Be3 Bg6 11.Be4 Qd7 12.O-O Rd8 13.Rc1 Nc4 14.Bg5 Be7 15.Bxc6 bxc6
16.Bxe7 Qxe7 17.Qa4 Nxb2 18.Qxc6+ Qd7 19.Ne4 Nd3 20.Rc3 Qxc6 21.Rxc6 Kd7
22.Rc3 Nb4 23.Nf4 Nxa2 24.Rc4 Rb8 25.Ra1 Bxe4 26.fxe4 Nb4 27.Nh5 Rb7 28.Nxg7 Rhb8
29.Nh5 Nd3 30.Nf6+ Kd8 31.Rf1 Rb4 32.Rc3 Rb3 33.Rxb3 Rxb3 34.Nxh7 a5 35.h4 a4
36.h5 a3 37.Ra1 Ke7 38.h6 Nb4 39.Ng5 a2 40.h7 Rb1+ 41.Kh2 Rxa1 42.h8=Q Rf1
43.Qc8 a1=Q 44.Qxc7+ Kf8 45.Qb8+ Kg7 46.Qxb4 Qc1 47.Nh3 Rh1+ 48.Kg3 Qe3+
49.Kg4 Qxe4+ 50.Kg3 Qe3+ 51.Kg4 Rd1  0-1

[Event "2nd Zlatni Rat Open"]
[Site "Bol CRO"]
[Date "2011.09.14"]
[Round "6.19"]
[White "Raimbault,P"]
[Black "Mittelsteiner,H"]
[Result "1-0"]
[WhiteElo "1932"]
[BlackElo "1901"]

1.d4 d5 2.c4 dxc4 3.e4 Nc6 4.Be3 e5 5.d5 Bb4+ 6.Nc3 Nd4 7.Bxd4 exd4 8.Qxd4 c5
9.Qxc4 Nf6 10.Ne2 O-O 11.a3 Qa5 12.Rc1 Bxc3+ 13.Nxc3 Re8 14.f3 Nd7 15.Be2 a6
16.Qa4 Qxa4 17.Nxa4 b6 18.b4 cxb4 19.axb4 b5 20.Nc5 Ne5 21.O-O Rd8 22.Nb3 f6
23.Rc7 Rd7 24.Rfc1 Rxc7 25.Rxc7 Kf8 26.Nc5 Nf7 27.Kf2 h6 28.Ke3 g6 29.f4 Kg7
30.Nb3 Kf8 31.Kd4 Ke8 32.e5 fxe5+ 33.fxe5 Bf5 34.Nc5 h5 35.d6 Nd8 36.Bd3 Bxd3
37.Kxd3 Nf7 38.Ke4 a5 39.Kd5 a4 40.Nb7 a3 41.d7+ Ke7 42.d8=Q+  1-0

[Event "ch-Euro Youth b14"]
[Site "Albena BUL"]
[Date "2011.09.15"]
[Round "5.16"]
[White "Kambrath,Y"]
[Black "Ventura Bolet,M"]
[Result "1-0"]
[WhiteElo "2153"]
[BlackElo "1996"]

1.d4 d5 2.c4 dxc4 3.e4 Nc6 4.Nf3 Bg4 5.d5 Ne5 6.Qd4 Nxf3+ 7.gxf3 Bxf3 8.Qxc4 Bxh1
9.Qa4+ c6 10.dxc6 b5 11.Bxb5 Qc7 12.Bd2 f5 13.Ba5 Qe5 14.c7+ Kf7 15.Nc3 Bf3
16.Bc6 Rc8 17.Bd7 Ra8 18.c8=Q Rxc8 19.Bxc8 Nf6 20.Qc4+ e6 21.Bc7 Bd6 22.Bxd6 Qxd6
23.Nb5 Qe5 24.Bxe6+ Qxe6 25.Nd6+ Ke7 26.Nxf5+ Kf7 27.Qxe6+ Kxe6 28.Nd4+ Ke5
29.Nxf3+ Kxe4 30.Nd2+ Kf4 31.Rc1 Re8+ 32.Kf1 Ng4 33.Rc4+ Kf5 34.h3 Ne5 35.Rc7 Nd3
36.Nf3 Nxb2 37.Rxg7 a5 38.Rxh7 a4 39.Rb7 Nd3 40.Ra7 Nb2 41.Nd4+ Kf4 42.Ne2+ Kf3
43.Rf7+ Ke4 44.Rb7 a3 45.Rb3 Nc4 46.f3+ Kd5 47.Kf2 Rh8 48.Nc3+ Kc5 49.Nb1 Rxh3
50.Kg2 Rh8 51.Nxa3 Nd6 52.Nc2 Ra8 53.Rc3+ Kb5 54.a3 Re8 55.Nd4+ Ka5 56.Rc5+ Ka4
57.Rc6 Nb7 58.Ra6+ Na5 59.Ra7 Rc8 60.Kg3 Rc4 61.Nb3 Kxb3 62.Rxa5 Rc8 63.f4 Rg8+
64.Kh4 Kc4 65.f5 Kd4 66.f6 Ke4 67.Kh5 Rg1 68.f7 Rf1 69.Kg6 Kd4 70.Rf5  1-0

[Event "Pushchino Autumn"]
[Site "Pushchino RUS"]
[Date "2011.09.15"]
[Round "6"]
[White "Romanko,M"]
[Black "Ivakhinova,I"]
[Result "1-0"]
[WhiteElo "2409"]
[BlackElo "2288"]

1.d4 d5 2.c4 dxc4 3.e4 Nc6 4.Nf3 Bg4 5.d5 Ne5 6.Bf4 Ng6 7.Be3 Nf6 8.Nc3 e5
9.Bxc4 Bd6 10.Be2 O-O 11.O-O Qe7 12.Nd2 Bxe2 13.Qxe2 a6 14.g3 Rac8 15.Nb3 Rfd8
16.a3 h6 17.Na5 Rb8 18.b4 Qd7 19.Rac1 Bf8 20.f3 Ne8 21.Qc2 f5 22.exf5 Ne7
23.g4 Nxd5 24.Bf2 Nef6 25.Nc4 Nxc3 26.Nxe5 Qe8 27.Qxc3 Nd5 28.Qb2 Qb5 29.Ng6 Bd6
30.Bc5 Kh7 31.Bxd6 Rxd6 32.Rfe1 a5 33.Re4 axb4 34.axb4 Rbd8 35.Rce1 Qd3 36.Qf2 Qc3
37.b5 Nf6 38.R4e3 Qb4 39.Qf1 Rd2 40.Ne5 Qf4 41.R3e2 R2d5 42.Re3 Qd4 43.Kh1 Qb2
44.g5 hxg5 45.Qh3+ Kg8 46.Ng6 Nh7 47.Ne7+ Kf7 48.Qh5+ Kf8 49.Nxd5  1-0

[Event "ch-Euro Youth b16"]
[Site "Albena BUL"]
[Date "2011.09.17"]
[Round "6.7"]
[White "Andersen,Mad"]
[Black "Borisenko,V"]
[Result "0-1"]
[WhiteElo "2398"]
[BlackElo "2302"]

1.d4 d5 2.c4 dxc4 3.e4 Nc6 4.Nf3 Bg4 5.d5 Ne5 6.Bf4 Ng6 7.Be3 e5 8.Bxc4 Nf6
9.Nbd2 Bd6 10.Qb3 O-O 11.Qxb7 Rb8 12.Qa6 Rxb2 13.O-O Bxf3 14.Nxf3 Nxe4 15.Rab1 Rb8
16.Qxa7 Ra8 17.Qb7 f5 18.Rfc1 f4 19.Ba7 Nh4 20.Nxh4 Qxh4 21.f3 Nd2 22.Ra1 e4
23.Be2 e3 24.Re1 Rae8 25.Bd4 Rf5 26.Qb5 Rd8 27.Kh1 Rh5 28.h3 Qg3 29.Qd3 Nxf3
30.Bxf3 Rxh3+ 31.gxh3 Qxf3+ 32.Kg1 Qf2+ 33.Kh1 f3  0-1

[Event "2nd Livigno Open A"]
[Site "Livigno ITA"]
[Date "2011.09.17"]
[Round "8.10"]
[White "Maiorov,N1"]
[Black "Mirzoev,A"]
[Result "1-0"]
[WhiteElo "2558"]
[BlackElo "2468"]

1.d4 d5 2.c4 dxc4 3.e4 Nf6 4.e5 Nd5 5.Bxc4 Nb6 6.Bb3 Bf5 7.Nc3 e6 8.Nge2 Be7
9.Be3 Nc6 10.O-O O-O 11.a3 Na5 12.Bc2 Bxc2 13.Qxc2 Nac4 14.Bf4 f6 15.exf6 Bxf6
16.Ne4 Nd6 17.Nc5 Qc8 18.Be5 Nd5 19.Nc3 Nf5 20.Rad1 b6 21.N5e4 c6 22.Bxf6 gxf6
23.Rfe1 Qd7 24.Ng3 Nxg3 25.hxg3 Rae8 26.Re4 Rf7 27.Rde1 Rfe7 28.Qd2 Nxc3
29.bxc3 Qd6 30.Qh6 Rf7 31.a4 c5 32.dxc5 bxc5 33.g4 e5 34.g5 Qd2 35.R4e3 fxg5
36.Qxg5+ Kh8 37.Qg3 Rg7 38.Qf3 Qd6 39.Qh5 Reg8 40.g3 Rg5 41.Qf7 Rf8 42.Rd3 Qh6
43.Qd5 Rgf5 44.Qxc5 Rxf2 45.Qxe5+ Qf6 46.Rd7 Qxe5 47.Rxe5 a6 48.Ree7 Rf1+
49.Kg2 R8f2+ 50.Kh3 Rh1+ 51.Kg4 Rf8 52.Rd5 Rc8 53.Rd4 Rg8+ 54.Kf3 Rg1 55.g4 Rc8
56.Re3 Rc1 57.Rdd3 Kg8 58.Ke4 Ra1 59.Rd4 Ra3 60.Kf5 Raxc3 61.Rxc3 Rxc3 62.Rd8+ Kg7
63.Rd7+ Kg8 64.Rd6 Kf7 65.Rxa6 Rc5+ 66.Kf4 Rc4+ 67.Kg5 Kg7 68.Ra7+ Kg8 69.a5 Rc5+
70.Kf6 Rc6+ 71.Ke5 Rc5+ 72.Kd6 Rg5 73.a6 Rxg4 74.Re7 Rd4+ 75.Kc5 Ra4 76.a7 h5
77.Re8+ Kg7 78.a8=Q Rxa8 79.Rxa8 Kg6 80.Kd4 Kg5 81.Ke3 Kg4 82.Ke4  1-0

[Event "4th Mumbai Mayors Cup"]
[Site "Mumbai IND"]
[Date "2011.09.17"]
[Round "3"]
[White "Karthikeyan,P2"]
[Black "Gagare,Shar"]
[Result "1/2-1/2"]
[WhiteElo "2408"]
[BlackElo "2264"]

1.d4 d5 2.c4 dxc4 3.e4 Nf6 4.e5 Nd5 5.Bxc4 Nb6 6.Bd3 Nc6 7.Ne2 Bg4 8.f3 Bh5
9.Nbc3 e6 10.a3 Bg6 11.Ne4 Be7 12.Be3 Qd7 13.Qd2 O-O-O 14.O-O-O Qd5 15.Qc2 Na5
16.Kb1 Qb3 17.Rc1 Qxc2+ 18.Rxc2 Nd5 19.Bf2 Nc6 20.Bb5 Nb8 21.Ka2 Nd7 22.h4 h5
23.Rcc1 c6 24.Bd3 Kb8 25.Bb1 Ka8 26.b4 f6 27.exf6 gxf6 28.Rhe1 e5 29.Kb2 Rhg8
30.g3 f5 31.Ng5 Bf6 32.Rcd1 Rde8 33.Nc3 N7b6 34.Nxd5 Nxd5 35.dxe5 Bxe5+ 36.Kb3 b5
37.Bd3 Bf6 38.f4 a6 39.Kc2 Nc3 40.Rxe8+ Rxe8 41.Re1 Ne4 42.Re2 Kb7 43.Be1 Bd4
44.Nf3 Bf6 45.Nd2 Kc7 46.Nb3 Kd6 47.Bxe4 fxe4 48.Bc3 e3+ 49.Kb2 Bd3 50.Re1 Bxc3+
51.Kxc3 Bc4 52.Nd4 Kd5 53.Nf3 e2 54.Ne5 Rg8 55.Nxc4 Rxg3+ 56.Kb2 bxc4 57.Rxe2 Rf3
58.Rd2+ Ke4 59.Rd6 Rxf4 60.Kc3 Rf3+  1/2-1/2

[Event "e2e4 Sunningdale Autumn"]
[Site "Sunningdale ENG"]
[Date "2011.09.17"]
[Round "3"]
[White "Wells,P"]
[Black "Bonafont,P"]
[Result "1-0"]
[WhiteElo "2497"]
[BlackElo "2094"]

1.d4 d5 2.c4 dxc4 3.e4 e5 4.Nf3 exd4 5.Bxc4 Nc6 6.O-O Be6 7.Bb5 Bc5 8.Nbd2 Ne7
9.Ng5 Qd7 10.Nxe6 Qxe6 11.Nb3 Bb6 12.Nxd4 Bxd4 13.Qxd4 O-O 14.Qc4 Qg6 15.Bf4 Rad8
16.Rad1 Rxd1 17.Rxd1 Qg4 18.Qc1 Ng6 19.Bxc7 Qxe4 20.Qc5 Re8 21.h3 a6 22.Bd3 Qe6
23.Bc4 Qc8 24.Bg3 Nf8 25.Kh2 Ne6 26.Qb6 Ned4 27.Rxd4 Nxd4 28.Qxd4 Qc6 29.Be5  1-0

[Event "Caissa GM Sept 2011"]
[Site "Kecskemet HUN"]
[Date "2011.09.20"]
[Round "4.1"]
[White "Ilincic,Z"]
[Black "Estrada Nieto,J"]
[Result "1-0"]
[WhiteElo "2467"]
[BlackElo "2285"]

1.d4 d5 2.c4 dxc4 3.e4 Nc6 4.Be3 Nf6 5.f3 e5 6.d5 Nd4 7.Bxd4 exd4 8.Qxd4 Bd6
9.Bxc4 O-O 10.Ne2 Nd7 11.Nbc3 Qg5 12.h4 Qe7 13.O-O-O a6 14.Bb3 b5 15.Kb1 Rb8
16.Qd2 a5 17.Nd4 Qf6 18.Ncxb5 Be5 19.Na7 a4 20.Bxa4 Nc5 21.Nac6 Ba6 22.Bc2 Rb6
23.Qg5 Bxd4 24.Nxd4 Rfb8 25.Qxf6 Rxb2+ 26.Ka1 gxf6 27.Rb1 Rxb1+ 28.Rxb1 Ra8
29.Rb4 Bf1 30.g3 h5 31.Kb2 Kh8 32.a4 Rg8 33.Kc3 Ra8 34.Kd2 Ba6 35.Ke3 Bc8
36.Rc4 Na6 37.Nb5 Rb8 38.Nxc7 Nb4 39.Nb5 Nxc2+ 40.Rxc2 Bd7 41.Rc7  1-0

[Event "Caissa GM Sept 2011"]
[Site "Kecskemet HUN"]
[Date "2011.09.24"]
[Round "8.1"]
[White "Ilincic,Z"]
[Black "Kislik,E"]
[Result "0-1"]
[WhiteElo "2467"]
[BlackElo "2320"]

1.d4 d5 2.c4 dxc4 3.e4 Nc6 4.d5 Ne5 5.Qd4 f6 6.Bxc4 e6 7.Nf3 Nxf3+ 8.gxf3 e5
9.Qd3 Bd6 10.h4 Ne7 11.h5 O-O 12.Nc3 a6 13.Be3 Kh8 14.O-O-O f5 15.f4 b5 16.Bb3 h6
17.f3 Ng8 18.Rdg1 Qe7 19.fxe5 Bxe5 20.Ne2 fxe4 21.fxe4 Nf6 22.Nd4 Bd7 23.Nf3 Nxe4
24.Nxe5 Qxe5 25.Rh4 Ng3 26.Bd1 Rae8 27.Bxh6 gxh6 28.Rxg3 Rf2 29.Qc3 Bf5 30.Qxe5+ Rxe5
31.Rd4 Re1 32.Rc3 Rff1 33.Rxc7 Bg4  0-1

[Event "Caissa GM Sept 2011"]
[Site "Kecskemet HUN"]
[Date "2011.09.26"]
[Round "9.4"]
[White "Brown,An"]
[Black "Fodor,T jr"]
[Result "0-1"]
[WhiteElo "2216"]
[BlackElo "2476"]

1.d4 d5 2.c4 dxc4 3.e4 Nf6 4.Nc3 e5 5.Nf3 exd4 6.e5 Ng4 7.Bxc4 Nc6 8.Nd5 Be6
9.Bg5 Qd7 10.Qb3 Ngxe5 11.Nxe5 Nxe5 12.Qxb7 Rc8 13.Ba6 Bxd5 14.Qxc8+ Qxc8
15.Bxc8 Bxg2 16.O-O-O Bxh1 17.Rxh1 f6 18.Bh4 Bd6 19.Ba6 Kf7 20.Bg3 g5 21.Bxe5 Bxe5
22.h4 g4 23.h5 f5 24.Kd2 Kf6 25.Kd3 h6 26.b4 Kg5 27.b5 f4 28.Bb7 Rh7 29.Bc6 Re7
30.a4 Bf6 31.Bd5 f3 32.Rc1 Kxh5 33.Be4 Kg5 34.Rc5+ Be5 35.a5 h5 36.Rc6 h4
37.Rg6+ Kf4 38.Rh6 Bg7  0-1

[Event "16th ECC w"]
[Site "Rogaska Slatina SLO"]
[Date "2011.09.29"]
[Round "5.3"]
[White "Romanko,M"]
[Black "Kaya,E"]
[Result "1-0"]
[WhiteElo "2409"]
[BlackElo "1994"]

1.d4 d5 2.c4 dxc4 3.e4 e5 4.Nf3 exd4 5.Bxc4 Bb4+ 6.Nbd2 Nc6 7.O-O Nf6 8.e5 Nd5
9.Nb3 Nb6 10.Bb5 Qd5 11.Nbxd4 O-O 12.Bxc6 bxc6 13.Qc2 Bc5 14.Nb3 Be7 15.Bg5 Bxg5
16.Nxg5 g6 17.f4 Bf5 18.Qf2 h6 19.Nf3 Rfd8 20.Rac1 Be4 21.Nfd4 Nc4 22.Qe2 Nd2
23.Qxd2 a5 24.Rc5 Qd7 25.e6  1-0

[Event "20th TCh-CRO 1a"]
[Site "Sibenik CRO"]
[Date "2011.10.04"]
[Round "1.2"]
[White "Bosiocic,Mari"]
[Black "Jankovic,A"]
[Result "1/2-1/2"]
[WhiteElo "2593"]
[BlackElo "2584"]

1.d4 d5 2.c4 dxc4 3.e4 e5 4.Nf3 Bb4+ 5.Nc3 exd4 6.Nxd4 Ne7 7.Bxc4 Nbc6 8.Be3 O-O
9.O-O Nxd4 10.Bxd4 Nc6 11.Be3 Ne5 12.Be2 c6 13.Qc2 Ng4 14.Bxg4 Bxg4 15.f4 Bxc3
16.Qxc3 Be2 17.Bd4 Bxf1 18.Bxg7 Qd3 19.Bxf8 Qxc3 20.bxc3 Bxg2  1/2-1/2

[Event "20th TCh-CRO 1a"]
[Site "Sibenik CRO"]
[Date "2011.10.08"]
[Round "5.3"]
[White "Martinovic,Sa"]
[Black "Ramesa,D"]
[Result "1-0"]
[WhiteElo "2513"]
[BlackElo "2314"]

1.d4 d5 2.c4 dxc4 3.e4 Nf6 4.e5 Nd5 5.Bxc4 Nc6 6.Nc3 Nb6 7.Bb5 Bd7 8.Nf3 e6
9.a3 Ne7 10.Bd3 Bc6 11.O-O Qd7 12.Ne4 Nf5 13.Be3 O-O-O 14.Qe2 Be7 15.b4 f6
16.b5 Bxe4 17.Bxe4 Nxe3 18.fxe3 f5 19.Bd3 g5 20.a4 Nd5 21.a5 g4 22.b6 Kb8
23.Nd2 Bg5 24.bxc7+ Kxc7 25.Nb3 Bxe3+ 26.Kh1 Rb8 27.Bb5 Qe7 28.Bc4 Qg5 29.Nc5 Rhe8
30.Bxd5 exd5 31.Qc2 Kd8 32.Rxf5 Qg6 33.Raf1 Ke7 34.Rf7+  1-0

[Event "TCh-MNE 1st League"]
[Site "Tivat MNE"]
[Date "2011.10.08"]
[Round "1.1"]
[White "Lekic,Du"]
[Black "Krivokapic,M"]
[Result "1/2-1/2"]
[WhiteElo "2397"]
[BlackElo "2413"]

1.d4 d5 2.c4 dxc4 3.e4 e5 4.Nf3 exd4 5.Bxc4 Bb4+ 6.Nbd2 Nc6 7.O-O Nf6 8.e5 Nd5
9.Nb3 Nb6 10.Bb5 Qd5 11.Bxc6+ Qxc6 12.Bg5 h6 13.Bh4 g5 14.e6 Bxe6 15.Qxd4 Rg8
16.Rac1 Qd6 17.Bg3  1/2-1/2